000 00480nam a2200205Ia 4500
003 OSt
005 20230403145145.0
008 210423s2010 xx 000 0 und d
020 _a9780415487382
040 _cAL
041 _aeng
082 _a809.935 RUSB
100 _aRUSSELL (Bertrand).
_982682
245 _aWhy men fight.
260 _aLondon
_bRoutledge
_c2010
300 _axvii,170
_bPB
365 _b225
_cINR
906 _afight. ; men ; Why
942 _2ddc
_cBK
999 _c158004
_d158004